00483nam a2200181 a 45000010005000000030009000050080041000140400028000550820016000831000028000992450056001272600048001833000016002316500012002476500012002596500015002716500015002869303CO-ViMGA141112s2004 ck r 000 u spa d aCO-ViMGAbspacCO-ViMGA04a770.233 K471 aKiegeland ; Burkhardt, 10aFotografiar : bmanual para fotografos aficionados. aBarcelona : bCírculo de lectores, c1982 a239p. : il.14aCAMARAS14aFILTROS14aFOTOGRAFIA14aFOTOGRAFOS